A Quiz About Fire - Statistics

General Stats
  • This quiz has been taken 28 times
    22 since last reset
  • The average score is 7 of 16
Answer Stats
Hint Answer % Correct
Legendary creature said to breathe fire Dragon
100%
Mountain that erupts molten rock and ash Volcano
95%
Legendary bird reborn from its own ashes Phoenix
86%
Hot molten rock beneath Earth’s crust Magma
82%
Large uncontrolled outdoor fire in forests Wildfire
59%
Hindu festival celebrated with lamps and fireworks Diwali
41%
Marvel superhero who can control flames Human Torch
41%
Song by Kings of Leon with “fire” in the title {Sex} on Fire
41%
Controlled outdoor fire used for festivals Bonfire
32%
Fuel-burning tool producing a focused flame for welding or soldering Blowtorch
27%
First-generation lizard Pokémon that evolves into Charizard Charmander
27%
Fiery liquid used in flamethrowers Napalm
23%
Fiery stage effect used in concerts Pyrotechnics
23%
1996 electronic song by The Prodigy known for its aggressive beats Firestarter
14%
Country nicknamed the “Land of Fire” Azerbaijan
9%
Legendary Norse fire giant Surtr
5%
No matching quizzes found
Score Distribution
Percent of People with Each Score
Percentile by Number Answered
Your Score History
You have not taken this quiz since the last reset